BUBT Library Online Catalog

চিলেকোঠার সেপাই / (Record no. 6589)

000 -LEADER
fixed length control field 00894nam a22002057a 4500
003 - CONTROL NUMBER IDENTIFIER
control field BUBTL
008 - FIXED-LENGTH DATA ELEMENTS--GENERAL INFORMATION
fixed length control field 211201b ||||| |||| 00| 0 eng d
020 ## - INTERNATIONAL STANDARD BOOK NUMBER
International Standard Book Number 9789845060523
082 ## - DEWEY DECIMAL CLASSIFICATION NUMBER
Classification number 891.443/ El42c/ 1986
100 ## - MAIN ENTRY--PERSONAL NAME
9 (RLIN) 4432
Personal name ইলিয়াস, আখতারুজ্জামান
245 ## - TITLE STATEMENT
Title চিলেকোঠার সেপাই /
Statement of responsibility, etc. আখতারুজ্জামান ইলিয়াস
250 ## - EDITION STATEMENT
Edition statement 1st Edn.
260 ## - PUBLICATION, DISTRIBUTION, ETC. (IMPRINT)
Place of publication, distribution, etc. ঢাকা:
Name of publisher, distributor, etc. ইউনিভার্সিটি প্রেস লিমিটেড,
Date of publication, distribution, etc. c1986
300 ## - PHYSICAL DESCRIPTION
Extent 304 p.:
Dimensions 22 cm.
505 ## - FORMATTED CONTENTS NOTE
Formatted contents note চিলেকোঠার সেপাই, আখতারুজ্জামান ইলিয়াস, বাংলা সাহিত্য
650 #0 - SUBJECT ADDED ENTRY--TOPICAL TERM
9 (RLIN) 1687
Topical term or geographic name as entry element বাংলা সাহিত্য
856 ## - ELECTRONIC LOCATION AND ACCESS
Password 0
Logon 0
Link text Download
942 ## - ADDED ENTRY ELEMENTS (KOHA)
Source of classification or shelving scheme
Koha item type Books
Holdings
Withdrawn status Lost status Source of classification or shelving scheme Damaged status Not for loan Collection code Permanent location Current location Shelving location Date acquired Source of acquisition Inventory number Total Checkouts Full call number Barcode Date last seen Date last checked out Copy number Price effective from Koha item type Total Renewals
          Fiction Bangladesh University of Business and Technology Library Bangladesh University of Business and Technology Library Fiction 10/24/2016 Purchase 22725 2 891.443/ El42c/ 1986 BUBTL-200322725 08/10/2023 07/30/2023 C-1 12/01/2021 Books  
          Fiction Bangladesh University of Business and Technology Library Bangladesh University of Business and Technology Library Fiction 10/24/2016 Purchase 22726 2 891.443/ El42c/ 1986 BUBTL-200322726 01/29/2024 01/02/2024 C-2 01/13/2022 Books 1

More Information About Library

Library Hours

  • Open: 9.00 am. to 9.00 pm.
  • Only Sunday: 9.00 am. to 6.00 pm.
  • Closed: Holiday

Contact to the University

Bangladesh University of Business and Technology Library

  • Mirpurl-2, 1216.
  • Phone:
  • Fax:
  • E-Mail: admin.library@bubt.edu.bd

Contact to the Library

Contact Person:

Md. Abdul Hakim Shah
Joint Librarian
PABX No:  113
Cell No: 01816332931
E-mail: official: admin.library@bubt.edu.bd
Personal: hakim.shah@bubt.edu.bd


BUBT Library

Copyright © 2021